01318cas a2200289 450000500170000000800410001702200140005804000230007204100080009504400070010324501230011026000770023330000190031050000510032950000380038065000720041865000730049065100750056365100510063865100390068970000390072870000400076770000360080770000390084370000330088271001130091520150812162424.0040430u20049999ck fr p r s0 0b0spa d a1692-8989 ahm chmdCO-BoIAVH0 aspa ack00aEconomía y región / cUniversidad Tecnológica de Bolívar. Facultad de Ciencias Económicas y Administrativas.3 aCartagena (Colombia): bUniversidad Tecnológica de Bolívar, c2004.- bil. ; c25 cm. aDescripción basada en: Vol.9 (Junio., 2015). aDirector: Haroldo Calvo Stevenson aEconomía regionalz Cartagena, Colombiav Publicaciones seriadas. aDesarrollo regionalz Cartagena (Colombia)v Publicaciones seriadas. aCartagena (Colombia)x Aspectos económicosv Publicaciones seriadas. aCartagena (Colombia)v Publicaciones seriadas. aColombiav Publicaciones seriadas.1 aCalvo Stevenson, HaroldoeDirector1 aGalvis Aponte, Luis ArmandoeEditor1 aToro González, DanieleEditor1 aSerrano López, GuillermoeEditor1 aRomero Prieto, JulioeEditor2 aUniversidad Tecnológica de Bolívar c(Cartagena). bFacultad de Ciencias Económicas y Administrativas.